[Event "Bazna Kings 4th"]
[Site "Medias"]
[Date "2010.06.14"]
[Round "1"]
[White "Gelfand, Boris"]
[Black "Wang, Yue"]
[Result "1-0"]
[WhiteElo "2741"]
[BlackElo "2752"]
[Annotator "Gelfand,B"]
[PlyCount "163"]
[EventDate "2010.06.14"]
[EventType "tourn"]
[EventRounds "10"]
[EventCountry "ROU"]
[EventCategory "20"]
[SourceTitle "CBM 137"]
[Source "ChessBase"]
[SourceDate "2010.07.15"]
[SourceVersion "1"]
[SourceVersionDate "2010.07.15"]
[SourceQuality "1"]

1. d4 d5 2. c4 c6 3. Nc3 Nf6 4. e3 a6 ({This was my 3rd meeting with Wang Yue
in recent months. In the first 2 games he tried} 4... g6 {, but both times I
got an advantage from the opening. So it came as no surprise that he decided
to play another line.}) 5. Nf3 b5 6. c5 ({I met the Chebanenko system for the
first time back in 1990. I'll include htat game in these annotations, as it
shows similiar ideas to ones in this game.} 6. b3 g6 (6... Bg4) 7. Be2 Bg7 8.
O-O O-O 9. Ne5 Bb7 10. f4 Qd6 11. Bf3 Nbd7 12. Qe2 Rab8 13. g4 Rfd8 14. g5 Ne8
15. Qg2 bxc4 16. bxc4 e6 17. Rb1 Ba8 18. c5 Qe7 19. Bd2 Rxb1 20. Rxb1 Rb8 21.
Rxb8 Nxb8 22. Na4 Bb7 23. Ba5 Bxe5 24. dxe5 Nc7 25. Nb2 Nb5 26. a4 Qxc5 (26...
Na3 27. Bb4 Nc4 28. Nxc4 dxc4 $18) 27. axb5 Qxe3+ 28. Qf2 Qxf4 29. Bd2 Qxe5 30.
Nd3 Qf5 31. Qa7 Nd7 32. Ne1 Bc8 33. Qc7 {1-0 Gelfand ,B (2680)-Hort,V (2545)/
Novi Sad olm 1990/[Gelfand]}) 6... g6 7. Ne5 (7. Be2 Bg7 8. Ne5 O-O 9. O-O Be6
10. f4 Qc7 11. g4 $6 Ne4 12. Bf3 f5 13. Bd2 Nd7 14. Be1 Nxe5 15. fxe5 Nxc3 16.
Bxc3 Bh6 $15 {0-1 Gelfand,B (2717)-Bareev,E (2675)/Khanty Mansyisk RUS 2005 
(34)}) 7... Bg7 8. f4 a5 {This plan was tried twice by my opponent vs E.
Bacrot and both times he had no problems from the opening.} 9. Be2 (9. Bd3 Bf5
10. Bxf5 gxf5 11. Bd2 e6 12. Qe2 h5 13. O-O-O b4 14. Na4 Ne4 15. Nb6 Ra7 16.
Nd3 Nd7 17. Nxd7 Kxd7 18. Rdg1 Qb8 {1/2-1/2 Bacrot,E (2705)-Wang Yue (2736)/
Elista RUS 2008 (47)}) 9... Qc7 10. O-O O-O 11. a3 $1 {This is a new and
important idea. I was waiting for a chance to use it for a couple of years. We
had analysed my game vs Bareev with Alexander Khuzman and had realized that e4
is the key square in such a position.} (11. Bd3 Bf5 12. Bxf5 gxf5 13. Bd2 Nbd7
14. Be1 e6 15. Rf3 Ne4 16. Nxe4 dxe4 17. Rh3 Rfe8 18. Nxd7 Qxd7 19. Qh5 h6 20.
Bh4 Ra7 21. Rg3 Kh7 22. Bg5 Rh8 23. Qh4 Qe8 24. Bf6 Bxf6 25. Qxf6 Rg8 26. Rxg8
Qxg8 27. Kf2 Rd7 28. Rg1 Qd8 29. Qxd8 Rxd8 30. g4 fxg4 31. Rxg4 f5 {1/2-1/2
Bacrot,E (2705)-Wang Yue (2736)/Dresden GER 2008}) 11... Be6 ({If} 11... Ne4 {
then} 12. Nxe4 dxe4 13. a4 b4 14. Qc2 {keeping an advantage.}) 12. Bf3 {
Taking control of the e4-square.} Nbd7 13. Nd3 $1 {Of course, White is
avoiding any exchanges as Black's pieces are very cramped and he does not have
enough space for them.} h6 $6 {Faced with a new plan my opponent thought for a
long time and decided to build "a wall".} ({I would rather go for} 13... Bf5 {
trying to exchange the poor B.}) 14. g4 $1 {It was easy to let slip the
advantage:} ({After} 14. Bd2 Bf5 15. Nf2 g5 {Black has nothing to worry about.}
) 14... Nh7 (14... h5 15. h3 hxg4 16. hxg4 g5 17. Kg2 {just plays into White's
hands.}) 15. h4 f5 16. g5 hxg5 ({During the game I thought that} 16... h5 {
would be even worse as h5 becomes a target and White would sacrifice a N on h5
in good circumstances, for example} 17. Ne2 Bf7 18. Ng3 e6 19. Bd2 Rfb8 20.
Nxh5 gxh5 21. Bxh5 {However, now things do not seem so clear to me, as Black
would sac a piece, let's say, by} Bxh5 22. Qxh5 Ndf6 23. gxf6 Nxf6 {with good
defending chances.}) 17. hxg5 {So, White has won some more space. The pawns on
c5 and g5 are limiting Black's pieces to the last 2 ranks. The next step in
White's plan is to regroup his pieces. Black has no counterplay whatsoever and
has to wait.} Kf7 18. Kg2 Rfb8 19. Bd2 Nhf8 20. Be2 {B is going to d3 and the
Ns to f3 and g3} Ke8 21. Ne1 Bg8 22. Nf3 Rb7 23. Bd3 Nb8 24. Ne2 Qd8 25. Ng3 {
White is threatening a sacrifice on f5 and Black is obliged to play e6} e6 26.
Rh1 Bh7 $2 {Black wanted to hide his K on g8, but it allows White a strong
regrouping. I still believe that waiting passively was the best option.} ({
Here I was looking for a plan how to break through, if Black simply waits. It
seems possible, that the piece sac e3-e4 would work, for example} 26... Nbd7
27. Qe2 Nb8 28. Rae1 Nbd7 ({probably better is} 28... Re7 {However it is
difficult for Black to defend against all the ideas - White wants to play Bc3,
Qd2, Ne2-c1-b3, forcing a4, then he can play e3-e4 in good circumstances: then
he can bring the N to e5 through d3 etc.} 29. Bc3 Qc7 30. Qd2 Nbd7) 29. e4 fxe4
30. Bxe4 dxe4 31. Nxe4 {/\Nd6,Ne5. Another plan would be to move the N to d3,
Qe1, plan a4 and sac a N on b4 after b5-b4, followed by the advance of the
b-pawn. However, it is very hard to say, if White's advantage is enough for
victory.}) 27. Qc2 Kf7 28. Rh3 {There is no need even to consider an e3-e4
breakthrough, as White has a better plan at his disposal.} Kg8 29. Rah1 {
Now the B cannot return to g8.} Raa7 30. Kf1 Qe8 31. Be1 Bh8 32. Rh6 Bg7 33.
R6h4 Bh8 34. R1h3 {White is tripling his major pieces on the h-file according
to Alekhine's advice - first the pair of rooks and the Q behind them.} Re7 35.
Qh2 Reb7 36. Rh6 Re7 37. Ne2 Reb7 38. Nc1 Re7 39. Nb3 {It is important to
force Black to play a4, as it gives White the b4-square and the possibility to
open the position by b3, if nessesary. Even though the main action would most
likely take place on the kingside, you should never neglect such a detail.} a4
({Or} 39... Qd8 40. Qd2 $1 a4 41. Nc1 $18) 40. Nc1 Reb7 41. Be2 Re7 42. Nd3
Reb7 43. Nh4 $1 {White has placed his pieces ideally - it is time to go for an
attack!} Bg7 (43... Re7 44. Nxg6 Nxg6 45. Bh5 Bg7 (45... Rg7 46. Ne5) 46. Bxg6
Bxg6 47. Rh8+ $18) (43... Nbd7 44. Nxg6 $18) 44. Rxh7 $1 Nxh7 (44... Kxh7 $2
45. Nxg6+ Kg8 46. Rh8+ Kf7 47. Nde5+ Bxe5 48. Nxe5+) 45. Nxg6 Nd7 $1 {the only
defence} (45... Qxg6 $2 46. Bh5 $18) (45... Bxd4 46. exd4 Qxg6 47. Ne5 $18) 46.
Bh5 Qd8 (46... Ndf8 47. Nxf8 Qxf8 48. Bf3 {winning the N.}) 47. Nb4 Rc7 (47...
Nb8 48. Ne5 Bxe5 49. dxe5 Rg7 50. g6 Nf8 51. Bh4 Qe8 52. Bf6 {with an easy win.
}) 48. Nh8 $3 {A beautiful way to launch the final attack. I got really
excited when I saw this possibility. Strangely enough no engine on my computer
indicates it even set to a depth around 20ply.} ({I was also thinking about} 
48. Ne5 {, but I was not sure how to progress after} Nxe5 49. dxe5 Nf8 50. Nc2
Nd7 51. Bb4 Qe7 52. Nd4) 48... Ndf8 ({I believe that the most stubborn was} 
48... Kxh8 49. Bf7 (49. Bg6 Ndf8) 49... Ndf8 50. Rxh7+ $1 Nxh7 51. g6 Bh6 $1 {
The only defence} 52. Qxh6 Rxf7 53. gxf7 Rxf7 54. Nxc6 {and despite being an
exchange down, White is going to win - for example} Qe8 55. Ne5 Ra7 (55... Rf6
56. Qh4 $18) 56. Bb4 Rc7 57. Ke2 Rc8 58. Kd2 Rc7 59. c6 Rxc6 60. Nxc6 Qxc6 61.
Qg6 $18) (48... Bxh8 {allows the nice} 49. Bf7+ $3 Kxf7 50. Rxh7+ Bg7 51. g6+
$1 Kf8 (51... Kg8 52. Rh8+) (51... Ke8 52. Rxg7 Nf8 53. Rg8 Rg7 54. Rxf8+ Kxf8
55. Nxc6) 52. Rxg7 $18) 49. Nf7 Rxf7 50. Bxf7+ ({White had another way to
victory} 50. Nxc6 Qa8 51. g6 Nxg6 52. Bxg6 Qxc6 53. Bxf7+ Rxf7 54. Rxh7 $18)
50... Rxf7 (50... Kxf7 51. Nxc6 $18) 51. Rxh7 Qe8 ({Or} 51... Nxh7 52. g6 $1
Rc7 53. Qxh7+ Kf8 54. Bh4 $1 Qe8 55. Bg5 $18 {winning easily, for example} Qd7
56. Bh6 Bxh6 57. Qh8+ Ke7 58. Qxh6 Qe8 59. Qh7+ Kd8 60. g7 $18) 52. Rh3 {
Already here I saw it till the end. White exchanges Qs, plays b3, then a4,
exchange Rs on a line and penetrate by B and N into the enemy's camp.} Ng6 53.
Qe2 Rc7 54. Qh5 Kf7 55. Qh7 {Black cannot avoid the exchange of queens.} Qg8 (
55... Nf8 56. g6+ Nxg6 57. Rg3) (55... Qd8 56. Rh6 Nf8 57. Nxc6 Rxc6 58. g6+)
56. Qxg8+ Kxg8 57. Nd3 Ra7 58. Ke2 Kf7 59. Nb4 Ne7 60. Kd1 Ra8 61. Kc2 Rg8 62.
Nd3 Ra8 63. Rh7 Ng6 64. b3 Nf8 65. Rh2 axb3+ 66. Kxb3 Ke8 67. Ra2 Kd7 68. a4
bxa4+ 69. Rxa4 Rxa4 70. Kxa4 Kc8 71. Ba5 Ng6 72. Nb4 Kd7 ({Or} 72... Kb7 73.
Bd8 $1 {with the idea of Ka5, Na6.}) 73. Na6 Kc8 74. Bc7 Bf8 75. Ka5 Kb7 76.
Bd6 Be7 77. Bxe7 ({It is never too late to blunder} 77. Nc7 $2 Bd8) 77... Nxe7
78. Nb4 Ng8 79. Nd3 Ne7 80. Ne5 Ng8 81. g6 Nf6 82. g7 1-0

[Event "Amber-blindfold 19th"]
[Site "Nice"]
[Date "2010.03.25"]
[Round "11"]
[White "Gashimov, Vugar"]
[Black "Svidler, Peter"]
[Result "1/2-1/2"]
[WhiteElo "2740"]
[BlackElo "2750"]
[PlyCount "120"]
[EventDate "2010.03.13"]
[EventType "tourn (rapid)"]
[EventRounds "11"]
[EventCountry "FRA"]
[EventCategory "20"]
[SourceTitle "CBM 135 Extra"]
[Source "ChessBase"]
[SourceDate "2010.05.04"]
[SourceVersion "1"]
[SourceVersionDate "2010.05.04"]
[SourceQuality "1"]

1. e4 e5 2. Nf3 Nc6 3. Bb5 a6 4. Ba4 Nf6 5. O-O Be7 6. Re1 b5 7. Bb3 O-O 8. d4
d6 9. c3 Bg4 10. d5 Na5 11. Bc2 Qc8 12. h3 Bd7 13. Nbd2 c6 14. dxc6 Qxc6 15.
Nf1 Nc4 16. Ng3 Rfe8 17. b3 Nb6 18. Be3 Rab8 19. Rc1 Qxc3 20. Bd3 Qa5 21. Bd2
Qa3 22. Rc2 Rec8 23. Bc1 Qa5 24. Bd2 b4 25. Nh4 Rxc2 26. Qxc2 Rc8 27. Qb1 g6
28. Nf3 Bb5 29. Bc2 Nbd7 30. Rc1 d5 31. exd5 Nxd5 32. a4 Bc6 33. Be4 Bb7 34.
Rxc8+ Bxc8 35. Qe1 N5f6 36. Bd3 Bb7 37. Bc4 Qc5 38. Ng5 Qc6 39. Nf3 a5 40. Bc1
Nb6 41. Bxf7+ Kg7 42. Qe3 Qc3 43. Be6 Qxe3 44. Bxe3 Nbd7 45. Kf1 e4 46. Nd2 Nc5
47. Bc4 Nfd7 48. Bb5 Kf6 49. Bxd7 Nxd7 50. Ngxe4+ Ke6 51. f3 h5 52. Kf2 Bd8 53.
Bd4 Bd5 54. Ke3 Bc7 55. h4 Bd8 56. g3 Bc7 57. Ng5+ Kf5 58. Nge4 Ke6 59. Ng5+
Kf5 60. Nge4 Ke6 1/2-1/2

[Event "Amber-rapid 07th"]
[Site "Monte Carlo"]
[Date "1998.03.16"]
[Round "4"]
[White "Topalov, Veselin"]
[Black "Nikolic, Predrag"]
[Result "1/2-1/2"]
[WhiteElo "2740"]
[BlackElo "2635"]
[PlyCount "88"]
[EventDate "1998.03.13"]
[EventType "tourn (rapid)"]
[EventRounds "11"]
[EventCountry "MNC"]
[EventCategory "18"]
[SourceTitle "CBM 063 Extra"]
[Source "ChessBase"]
[SourceDate "1998.04.29"]
[SourceVersion "1"]
[SourceVersionDate "1998.04.29"]
[SourceQuality "1"]

1. d4 Nf6 2. c4 e6 3. Nf3 Bb4+ 4. Nbd2 b6 5. a3 Bxd2+ 6. Qxd2 O-O 7. e3 Ne4 8.
Qc2 Bb7 9. Be2 d6 10. O-O Nd7 11. Ne1 c5 12. f3 Nef6 13. b4 Rc8 14. Qb3 cxd4
15. exd4 e5 16. Bb2 Re8 17. Nc2 d5 18. Ne3 exd4 19. Bxd4 dxc4 20. Bxc4 Ne5 21.
Bxe5 Rxe5 22. Bxf7+ Kh8 23. Rfd1 Qe7 24. Nf1 b5 25. Qa2 Re2 26. Rd2 Rxd2 27.
Nxd2 Qe3+ 28. Kh1 Qd3 29. Bb3 Bd5 30. Rg1 h6 31. Bxd5 Nxd5 32. Ne4 Rc2 33. Qa1
Ne3 34. Qe5 Kh7 35. Nc5 Qc3 36. Qe4+ Kh8 37. h3 Rc1 38. Qe8+ Kh7 39. Qe4+ Kh8
40. Nd3 Rxg1+ 41. Kxg1 Qd2 42. f4 Nxg2 43. Qe8+ Kh7 44. Qe4+ Kh8 1/2-1/2

[Event "Saint Louis blitz"]
[Site "Saint Louis"]
[Date "2017.08.18"]
[Round "11"]
[White "Le, Quang Liem"]
[Black "Nakamura, Hikaru"]
[Result "1-0"]
[WhiteElo "2739"]
[BlackElo "2792"]
[PlyCount "113"]
[EventDate "2017.08.17"]
[EventType "tourn (blitz)"]
[EventRounds "18"]
[EventCountry "USA"]
[EventCategory "21"]
[SourceTitle "CBM 180"]
[Source "ChessBase"]
[SourceDate "2017.09.13"]
[SourceVersion "1"]
[SourceVersionDate "2017.09.13"]
[SourceQuality "1"]

1. d4 Nf6 2. Nf3 g6 3. Bf4 d6 4. e3 c5 5. c3 Nbd7 6. h3 Bg7 7. Bd3 O-O 8. O-O
b6 9. Bh2 Bb7 10. Nbd2 Qc7 11. e4 e5 12. Re1 Rfe8 13. a4 a6 14. dxe5 dxe5 15.
Qb3 Nh5 16. Rad1 Nf4 17. Bc4 Re7 18. Nf1 Nf6 19. Ng5 b5 20. axb5 axb5 21. Qxb5
h6 22. Bxf4 exf4 23. Nxf7 Rxf7 24. e5 Ba6 25. Bxf7+ Qxf7 26. Qxc5 Ne8 27. e6
Qc7 28. Qxc7 Nxc7 29. Rd7 Ne8 30. Ra1 Bf6 31. Ra3 Be5 32. Nd2 Nf6 33. Rf7 Bd6
34. Rxf6 Bxa3 35. bxa3 Bd3 36. Rxf4 Bf5 37. e7 Re8 38. g4 Bd7 39. Rf8+ Rxf8 40.
exf8=Q+ Kxf8 41. Kg2 Ke7 42. Kg3 Kd6 43. Kf4 Kd5 44. h4 Ba4 45. Nf3 Bc2 46. g5
h5 47. Ke3 Bb1 48. c4+ Kc5 49. Ne5 Bf5 50. f4 Bb1 51. Kd2 Kd4 52. a4 Ke4 53.
Nxg6 Kf5 54. Ne7+ Kg4 55. g6 Kxh4 56. f5 Ba2 57. Kc3 1-0

[Event "Moscow Tal Memorial 2nd"]
[Site "Moscow"]
[Date "2007.11.13"]
[Round "4"]
[White "Shirov, Alexei"]
[Black "Ivanchuk, Vassily"]
[Result "1/2-1/2"]
[WhiteElo "2739"]
[BlackElo "2787"]
[Annotator "Marin,M"]
[PlyCount "92"]
[EventDate "2007.11.10"]
[EventType "tourn"]
[EventRounds "9"]
[EventCountry "RUS"]
[EventCategory "20"]
[SourceTitle "CBM 122"]
[Source "ChessBase"]
[SourceDate "2008.01.30"]
[SourceVersion "1"]
[SourceVersionDate "2008.01.30"]
[SourceQuality "1"]

1. e4 e5 2. Nf3 Nc6 3. Bb5 a6 4. Ba4 Nf6 5. O-O Be7 6. Re1 b5 7. Bb3 O-O 8. c3
d6 9. h3 Bb7 10. d4 Re8 11. Ng5 Rf8 12. Nf3 Re8 13. a4 $5 {Usually, White
advances his a-pawn one move later.} ({However, during the last years, after} 
13. Nbd2 Bf8 14. a4 {Black has been very successful with} Na5 $5 {. The latest
example at a high level is Kasimdzhanov,R (2690)-Polgar,J (2708)/Madrid 2007/
CBM 121/[Marin] (0-1, 38)}) 13... h6 {It is noteworthy that here, too, just as
in the same line, Black's best reaction to a4 is ...h6.} ({This is less
obvious here, where Black still has the useful move at his disposal. The
necessity of covering the h6-square was revealed by the greatest expert (with..
. Black!) of the Zaitsev Ruy Lopez ever:} 13... Bf8 14. d5 Na5 15. Ba2 c6 16.
Na3 ({Karpov himself did not experience problems with Black against the
premature occupation of the g5-square with} 16. Bg5 cxd5 17. Bxf6 Qxf6 18. Bxd5
Bxd5 19. Qxd5 Qe6 {It appears that White has not sufficient development to
maintain the control of the d5-square with pieces.} 20. axb5 Qxd5 21. exd5 axb5
22. Nfd2 Nc4 $11 {Tseshkovsky,V (2595)-Karpov,A/Rostov on Don 1980/EXT 99 (1/
2-1/2, 27)}) 16... cxd5 $6 17. exd5 bxa4 18. Qxa4 Nxd5 {and now, finally,} 19.
Ng5 $1 $16 {Karpov,A (2700)-Miles,A (2610)/London 1984/MCL/[ChessBase] (1-0,
34)}) 14. Nbd2 exd4 $5 ({Black is not forced to transpose to the old main line
with} 14... Bf8 15. Bc2 exd4 16. cxd4 Nb4 {, which is probably exactly what
White was hoping for, since he has plenty of attacking possibilities here.})
15. cxd4 Nb4 {One of the first games where this position was seen was the 44th
of the first Karpov-Kasparov matches. Black intends to more or less "trap" the
b3-bishop, preventing its transfer to b1, from where it overprotects the
e4-pawn and eventually backs up Qh7#. However, the bishop is quite active on
b3, too, maintaining the f7-square under permanent pressure and enabling
certain tactical possibilities.} 16. d5 {This early release of the tension in
the centre hardly offers chances for an advantage.} (16. axb5 {is almost
unexplored. The only relevant game went} axb5 17. Rxa8 Qxa8 18. e5 dxe5 19.
dxe5 Nfd5 20. Ne4 c5 21. e6 $13 {De Firmian,N (2540)-Nikolic,P (2575)/Tunis
1985/IZT/[ChessBase] (1-0, 39)}) (16. Qe2 {looks like the most consistent move.
White maintains the tension in the centre and puts the b5-pawn under pressure.
On the other hand, the queen's opposition with the enemy rook somewhat
restricts White's active possibilities.} Bf8 17. e5 dxe5 ({It is curious that
in most of the games played after the endless K-K match, Black avoided Karpov's
} 17... Bc6 {. Normally, the reigning World Champion's choice should have
received better treatment, but people might have been put off by the fact that
the final part of the game was marked by the young challenger's initiative. Or
maybe after almost 5 months of fight the match had ceased to excite the
interest of spectators of all chess levels...} 18. axb5 Bxb5 19. Qd1 Nfd5 20.
Ne4 c6 {Kasparov,G (2715)-Karpov,A (2705)/Moscow 1985/MainBase/[ChessBase] (1/
2-1/2, 40). By now, Black is maintaining acceptable stability in the centre.})
18. dxe5 (18. Nxe5 Bd5 19. axb5 Bxb3 20. Nxb3 Qd5 $15 {Kholmov}) 18... Nd3 (
18... Qd3 19. Qxd3 Nxd3 20. Re3 Nxc1 21. Rxc1 Nd5 22. Bxd5 Bxd5 23. axb5 axb5
24. Rxc7 Ra1+ 25. Kh2 Ra2 26. Rc2 b4 $44 {/+/= Black managed to draw, but one
can feel that he was basically struggling all the way, Aseev,K (2455)-Ivanov,A
(2400)/Kostroma 1985/MCD (1/2-1/2, 31)}) 19. Rd1 {Black should probably just
continue his development by connecting rooks with} Qd7 (19... Nf4 {means too
much moving around with the same piece.} 20. Qf1 N6d5 21. Ne4 Qc8 22. Ng3 $14 {
White has maintained his advantage in space on the kingside, having almost
completed his development, Aseev-Fedorov, USSR 1985 (1-0, 30)}) (19... c5 {
fails to consolidate the d3-knight under favourable circumstances:} 20. Qf1 Nh5
(20... Nxe5 21. Nxe5 Rxe5 22. Nf3 $1 Rd5 23. Bxd5 Bxd5 24. axb5 axb5 25. Rxa8
Qxa8 26. Qxb5 Bxf3 27. gxf3 Qxf3 28. Qd3 $14) 21. Nc4 $1 Be4 22. axb5 axb5 23.
Rxa8 Qxa8 24. Rxd3 Bxd3 25. Qxd3 bxc4 26. Qxc4 $14 {Despite his minimal
material advantage, Black is under serious pressure. White has unchallenged
domination on the light squares and the h5-knight stands badly.}) 20. Nf1 (20.
Bc2 {allows Black win time for his regroupment.} Nb4 21. Ne4 Nfd5) ({After} 20.
axb5 $6 axb5 21. Rxa8 Bxa8 22. Nf1 $6 Nxc1 $1 {White clearly misses his
queen's rook. Rac1 would have maintained the enemy queen under attack, while}
23. Rxc1 {offers Black a vital tempo to take over the initiative with} Bxf3 24.
gxf3 c5 $36) 20... Rad8 21. e6 $1 {The only way to fight for the initiative.
This pawn is doomed anyway and White does better to give it up while spoiling
the enemy structure.} (21. Bc2 $2 Bxf3 $1 22. gxf3 Rxe5 23. Qxd3 Rd5 $17) 21...
fxe6 22. Ne5 Nxc1 23. Raxc1 Qc8 24. axb5 axb5 25. Qxb5 Rxd1 26. Rxd1 Bd6 {
The active pair of bishops and the outposts provided by the c- and e-pawns
offer Black reasonable play despite his minor structural problems.}) 16... Bf8
{This looks like the most logical answer, but Black seems to have several
other acceptable continuations.} (16... c5 17. dxc6 Nxc6 18. Nf1 Bf8 19. Ng3
Ne5 20. Nd4 d5 21. f4 Nc4 22. e5 Ne4 23. Nxe4 dxe4 24. Bxc4 bxc4 25. Be3 $13 {
Tseshkovsky,V (2505)-Ivanov,A/Soviet Union 1984/EXT 2000 (0-1, 45)}) (16... Nd7
{Black activates his kingside minor pieces, but neglecting the break with ...
c6 is slightly dangerous in the long term. The b7-bishop could eventually
remain passive for a long time.} 17. axb5 (17. Nd4 Bf6) 17... Bf6 $5 (17...
axb5 18. Rxa8 Qxa8 19. Nd4) 18. Bc4 $6 (18. bxa6 Bxa6 19. Ba4 Bb5 $6 20. Bxb5
$1 Rxa1 21. Nb3 Ra2 22. Nfd4 $14) 18... Nc5 19. bxa6 Bxa6 20. Bxa6 Nbxa6 {
White's delay in development is at least as important as his extra pawn.} 21.
Nb3 {But this is hardly a solution. Black will retain an active piece and the
better pawn structure in conditions of material equality.} Rxe4 22. Rxe4 Nxe4
23. Nbd4 Nac5 $15 {Arizmendi Martinez,J (2540)-Perez Candelario,M (2496)/Leon
2006/CBM 116 (0-1, 42)}) 17. Nf1 $146 ({A novelty over the not very relevant
game} 17. axb5 axb5 18. Rxa8 {1/2-1/2 Sax,G (2565)-Smejkal,J (2555)/Zagreb
1985/MCL}) 17... c6 {Black should not delay this move for too long. Since
Black is better developed, he should not fear the tactical operation initiated
by White's next move.} 18. Bd2 Nd3 (18... a5 19. Bxb4 axb4 20. dxc6 (20. axb5
cxd5 $1) 20... Bxc6 21. Ng3 {leaves White with a pleasant control of the light
squares.}) 19. dxc6 Bxc6 20. Bxf7+ Kxf7 21. Qb3+ d5 22. Qxd3 dxe4 23. Qc3 exf3
24. Qxc6 fxg2 25. Qxg2 Qd5 $15 {Black has the better structure and an active
piece placement. After the more or less inevitable exchange of queens, his
king would be placed rather well in the neighbourhood of the centre. However,
the most probable result remains a draw.} 26. Rxe8 Rxe8 27. Qxd5+ Nxd5 28. axb5
axb5 29. Ra5 Rb8 30. Ne3 Nxe3 31. Bxe3 Rb7 32. Kf1 Be7 33. Ke2 Bf6 34. b3 Ke6
35. Kd3 Kf5 36. Ke2 Ke4 37. Ra8 Rd7 38. Re8+ Re7 39. Rxe7+ Bxe7 40. f3+ Kf5 41.
Bd4 Bf6 42. Be3 h5 43. Bd2 g6 44. Be3 Be5 45. Bd2 Bd6 46. Be3 Bc7 1/2-1/2